| Tag |
First Indicator |
Second Indicator |
Subfields |
| LEADER |
00000cam a2200000 a 4500 |
| 001 |
in00000983713 |
| 005 |
20150927112434.0 |
| 008 |
890607s1987 enka 10010 eng d |
| 010 |
|
|
|a gb 87046933
|
| 015 |
|
|
|a GB87-46933
|
| 020 |
|
|
|a 0948507616 :
|c £49.00
|
| 020 |
|
|
|a 3540185259 (Germany)
|
| 020 |
|
|
|a 0387185259 (U.S.)
|
| 035 |
|
|
|a (OCoLC)16866832
|
| 035 |
|
|
|9 AEW4141AM
|
| 040 |
|
|
|a UKM
|c UKM
|d TXA
|d UtOrBLW
|
| 049 |
|
|
|a TXAM
|
| 050 |
1 |
4 |
|a TA343
|
| 082 |
0 |
4 |
|a 620/.007/24
|2 19
|
| 090 |
|
|
|a TA343
|b .I57 1987
|
| 111 |
2 |
|
|a Simulation in Manufacturing (Conference)
|n (3rd :
|d 1987 :
|c Turin, Italy)
|
| 245 |
1 |
0 |
|a Simulation in manufacturing :
|b proceedings of the 3rd International Conference, 4-6 November 1987, Turin, 1987 /
|c edited by G. F. Micheletti ; [... organised by IFS Conferences Ltd.].
|
| 264 |
|
1 |
|a Bedford, UK :
|b IFS (Publications) ;
|a Berlin ;
|a New York :
|b Springer-Verlag,
|c [1987]
|
| 264 |
|
4 |
|c ©1987
|
| 300 |
|
|
|a viii, 306 pages :
|b illustrations ;
|c 31 cm.
|
| 336 |
|
|
|a text
|b txt
|2 rdacontent
|
| 337 |
|
|
|a unmediated
|b n
|2 rdamedia
|
| 338 |
|
|
|a volume
|b nc
|2 rdacarrier
|
| 500 |
|
|
|a Titlepage: SIM-3.
|
| 504 |
|
|
|a Includes bibliographical references.
|
| 500 |
|
|
|a Cover title: Proceedings of the 3rd International Conference ; Simulation in Manufacturing.
|
| 650 |
|
0 |
|a Engineering
|x Simulation methods.
|
| 650 |
|
0 |
|a Computer simulation.
|
| 700 |
1 |
|
|a Micheletti, G. F.
|q (Gian Federico)
|
| 710 |
2 |
|
|a IFS (Conferences)
|
| 740 |
0 |
|
|a SIM-3.
|
| 740 |
0 |
|
|a Proceedings of the 3rd international conference simulation in manufacturing.
|
| 740 |
0 |
|
|a Proceedings of the third international conference simulation in manufacturing.
|
| 740 |
0 |
|
|a Simulation in manufacturing, proceedings of the third international conference.
|
| 999 |
|
|
|a MARS
|
| 999 |
f |
f |
|s 65ca6586-bf37-388c-bbe2-28be656bb9b9
|i b12e09c4-8ee8-3b1f-b834-2d99a2e5808c
|t 0
|
| 952 |
f |
f |
|p ric
|a Texas A&M University
|b Rellis Campus
|c Joint Library Facility
|d Remote Storage
|t 0
|e TA343 I57 1987
|h Library of Congress classification
|i unmediated -- volume
|m A14814068130
|
| 998 |
f |
f |
|a TA343 I57 1987
|t 0
|l Remote Storage
|